Finančné krízy vo svete príčiny, dôsledky a možnosti riešenia

Chronologický zoznam finančných kríz vo svete. Prejavy finančných kríz a ich dôsledky. Kríza platobnej bilancie a menová kríza. Kríza bankového systému. Fiškálna kríza. Návrhy na predchádzanie a riešenie dopadov finančných kríz. Finančná kríza mala a má svoje špecifiká v tej-ktorej krajine.

Salvato in:
Dettagli Bibliografici
Autore principale: Chovancová, Božena
Altri autori: Tkáčová, Daniela, 1954-
Natura: Capitolo di libro
Lingua:slovacco
Soggetti:
Tags: Aggiungi Tag
Nessun Tag, puoi essere il primo ad aggiungerne!!

MARC

LEADER 00000naa$a2200000$$$4500
001 0011502
005 20240502071357.0
041 0 |a slo 
044 |a SK 
245 1 0 |a Finančné krízy vo svete  |b príčiny, dôsledky a možnosti riešenia  |c aut. Božena Chovancová, Dana Tkáčová 
520 |a Chronologický zoznam finančných kríz vo svete. Prejavy finančných kríz a ich dôsledky. Kríza platobnej bilancie a menová kríza. Kríza bankového systému. Fiškálna kríza. Návrhy na predchádzanie a riešenie dopadov finančných kríz. Finančná kríza mala a má svoje špecifiká v tej-ktorej krajine. 
610 2 0 |a kríza finančná 
610 2 0 |a kríza menová 
610 2 0 |a kríza banková 
610 2 0 |a kríza 
610 2 0 |a bilancia platobná 
610 2 0 |a svet 
100 1 |a Chovancová, Božena 
700 1 |a Tkáčová, Daniela, 1954-